Estudios de derecho procesal administrativo

Bibliographic Details
Main Author: Torrealba Sǹchez, Miguel ℓngel
Format: eBook
Language:Spanish
Published: Caracas: Revista Venezolana de Legislacin̤ y Jurisprudencia, 2021
Subjects:
Online Access:Acceso restringido

MARC

LEADER 00000nam a22000007a 4500
005 20220426222638.0
007 cr|||| ||||
008 220426s2021 ve |||||s|||| 00||0 spa d
020 |a 978-980-7561-15-0 
035 |a 36200 
040 |a vLex 
090 |c 13238  |d 13238 
100 1 |a Torrealba Sǹchez, Miguel ℓngel 
245 1 0 |a Estudios de derecho procesal administrativo  |h [Recurso electrn̤ico] /  |c Miguel ℓngel Torrealba Sǹchez 
256 |a Servicio en ln̕ea 
260 |a Caracas:  |b Revista Venezolana de Legislacin̤ y Jurisprudencia,  |c 2021 
300 |a 1 recurso electrn̤ico 
506 1 |a Disponible solo en los productos indicados  |d vLex Global  |d vLex Global (Academic Edition, excluding Law Schools)  |d vLex Global (U.S. Academic Edition, Law Schools)  |d vLex Global (U.S. Academic Edition, excluding Law Schools)  |d vLex Global (Academic Edition, Law Schools) 
650 0 4 |a Procedimiento Contencioso-Administrativo  |z Venezuela 
740 0 |a vLex Libros (Servicio en ln̕ea) 
856 4 0 |u https://app.vlex.com/#/sources/36200  |z Acceso restringido 
942 |c BOOK 
999 0 |a Contentious-Administrative Procedure